Szczegóły MARC21

Edukacja informacyjna : technologie informacyjne w ponowoczesnym świecie /

003 -Nazwa inst., której nr kontr. jest w polu 001 [,]
    • @
    • Nazwa instytucji, której n kontrolny jest w polu 001
    • NUKAT
005 -DATA I CZAS OSTATNIEJ MODYFIKACJI [,]
    • @
    • pole kontrolne
    • 20241231113116.0
020 -Międzynarod. znormalizowany nr książki - ISBN [ , ]
    • a
    • Numer ISBN
    • 8389882809 Find
040 -Instytucja sporządzająca opis [ , ]
    • a
    • Instytucja, która sporządziła opis (NP)
    • SZCZ U/ML
    • c
    • Instytucja, która sporządziła rekord (NP)
    • SZCZ U/MLs
    • d
    • Instytucja, która zmodyfikowała rekord (P)
    • SZCZ U/KP
942 -Rodzaj dokumentu [ , ]
    • c
    • Rodzaj dokumentu
    • Książka
245 -Strefa tytułu i oznaczenia odpowiedzialności [0,0]
    • a
    • Tytuł
    • Edukacja informacyjna : Find
    • b
    • Ciąg dalszy tytułu (NP)
    • technologie informacyjne w ponowoczesnym świecie / Find
    • c
    • Pozostałe elementy strefy tytułu i oznaczenia odpowiedzialności (NP)
    • pod red. Kazimierza Wenty, Elżbiety Perzyckiej ; Uniwersytet Szczeciński, Wyższa Szkoła Humanistyczna TWP w Szczecinie, Centrum Doradztwa i Doskonalenia Nauczycieli w Szczecinie.
246 -Wariant tytułu [3,0]
    • a
    • Tytuł (NP)
    • Nowoczesne technologie informacyjne w procesie kształcenia i wychowania
260 -Strefa adresu wydawniczego [ , ]
    • a
    • Miejsce wydania (P)
    • Szczecin :
    • b
    • Nazwa wydawcy (P)
    • Oficyna Wydawnicza CDiDN,
    • c
    • Data wydania (P)
    • 2005.
300 -Strefa opisu fizycznego [ , ]
    • a
    • Określenie formy książki i/lub objętość (NP)
    • 264 s. :
    • b
    • Oznaczenie ilustracji (NP)
    • il., wykr. ;
    • c
    • Format (NP)
    • 24 cm.
336 -Typ zawartości [ , ]
    • a
    • Termin opisujący typ zawartości
    • Tekst
    • b
    • Kod określający zawartość
    • txt
    • 2
    • Źródło (terminu i kodu)
    • rdacontent
337 -Typ mediów [ , ]
    • a
    • Tryb odtwarzania
    • Bez urządzenia pośredniczącego
    • b
    • Kod typu mediów
    • n
    • 2
    • Źródło (terminu i kodu)
    • rdamedia
338 -Typ/rodzaj nośnika [ , ]
    • a
    • Hasło opisujące typ nośnika
    • Wolumin
    • b
    • Kod typu nośnika
    • nc
    • 2
    • Źródło (terminu i kodu)
    • rdacarrier
504 -Uwaga dot. bibliogr. załącznikowej [ , ]
    • a
    • Uwaga dot. bibliografii załącznikowej
    • Bibliogr. przy ref.
080 -Uniwersalna Klasyfikacja Dziesiętna [ , ]
    • 2
    • Identyfikator wydania tablic
    • UDC-P058 ; UDC-P022
    • a
    • Symbol klasyfikacji
    • 37.016:004
    • b
    • Dopowiedzenie
    • Nauczanie informatyki.
    • x
    • Poddział wspólny
    • (061)
    • b
    • Dopowiedzenie
    • (Wydawnictwa odnoszące się do konferencji, zjazdów itd. Sprawozdania z konferencji).
080 -Uniwersalna Klasyfikacja Dziesiętna [ , ]
    • 2
    • Identyfikator wydania tablic
    • UDC-P058 ; UDC-P022
    • a
    • Symbol klasyfikacji
    • 37.091.64
    • b
    • Dopowiedzenie
    • Pomoce naukowe (szkolne) i materiały nauczania. Podręczniki szkolne, czasopisma szkolne, mapy i globusy, filmy. Radio i telewizja w szkole, komputery, eksponaty, modele. Gry dydaktyczne, gry edukacyjne.
    • x
    • Poddział wspólny
    • (061)
    • b
    • Dopowiedzenie
    • (Wydawnictwa odnoszące się do konferencji, zjazdów itd. Sprawozdania z konferencji).
650 -Hasło przedmiotowe [ ,7]
    • a
    • Hasło przedmiotowe
    • Multimedia w edukacji.
    • 2
    • Źródło terminu
    • kaba
    • 9
    • KHW
    • 120060
650 -Hasło przedmiotowe [ ,7]
    • a
    • Hasło przedmiotowe
    • Nauczanie wspomagane komputerowo.
    • 2
    • Źródło terminu
    • kaba
    • 9
    • KHW
    • 120696
980 -Symbol UKD [ , ]
    • a
    • UKD
    • 37.016:004:37.091.64](061)
700 -Hasło dodatkowe - nazwa osobowa [1, ]
    • a
    • Nazwa osobowa (NP)
    • Wenta, Kazimierz Find
    • d
    • Daty biograficzne (NP)
    • (1937-2017).
    • e
    • Określenie rodzaju współpracy
    • Red.
    • 9
    • KHW
    • 403827
700 -Hasło dodatkowe - nazwa osobowa [1, ]
    • a
    • Nazwa osobowa (NP)
    • Perzycka-Borowska, Elżbieta. Find
    • e
    • Określenie rodzaju współpracy
    • Red.
    • 9
    • KHW
    • 113
710 -Hasło dodatkowe - nazwa ciała zbiorowego [2, ]
    • a
    • Nazwa ciała zbiorowego lub nazwa geograficzna jako pierwszy element (NP)
    • Centrum Doradztwa i Doskonalenia Nauczycieli (Szczecin).
    • b
    • Nazwa jednostki podrzędnej (P)
    • Oficyna Wydawnicza.
    • 4
    • Kod relacji
    • pbl
    • 9
    • KHW
    • 428304
920 -ISBN [ , ]
    • a
    • ISBN
    • 83-89882-80-9 Find
Lokalizacja Data inwentaryzacji Status udost. Numer inwentarzowy
BG2017-04-121Z.122261
BNS2009-01-221H.18520